| 000 | 01738nam a2200217Ia 4500 | ||
|---|---|---|---|
| 003 | Ost | ||
| 005 | 20260507075122.0 | ||
| 008 | 260507s9999||||xx |||||||||||||| ||und|| | ||
| 040 | _cfsecg | ||
| 041 | _aara | ||
| 082 | _a330 | ||
| 100 |
_aالدهراوي، كمال الدين مصطفى _eمؤلف |
||
| 245 | 0 |
_aدراسات متقدمة في المحاسبة والمراجعة / _c كمال الدين مصطفى الدهراوي |
|
| 260 |
_aالإسكندرية: _bالمكتب الجامعي الحديث, _c2006 |
||
| 300 |
_a305 صفحة؛ _c24 سم |
||
| 520 | _a دور الافصاح المحاسبي في تخفيض عدم تماثل المعلومات و زيادة كفاءة سوق رأس المال مع تناول نموذج لحوافز المديرين لتشجيع الافصاح المحاسبي الاختياري و أثر عقود الحوافز و شروط المديونية على سلوك الادارة عند إعداد التقارير الخارجية كما تم التطرق الى المراجعة الداخلية و ملخص معايير الممارسة المهنية للمراجعة الداخلية و كذا المراجعة الخارجية ( الحيادية ) و حقوق وواجبات و مسؤولية المراجع وصفات رأيه و نظام الرقابة الداخلية و العلاقة بين نظام الرقابة الداخلية و المراجعة و أخيرا خصائص نظام الرقابة الداخلية الجيد ( مقوماته) و طرق تقييم نظام الرقابة الداخلية. | ||
| 653 | _aالمحاسبة | ||
| 653 | _aالمراجعة | ||
| 700 |
_aسرايا، محمد السيد _eمؤلف ثانوي |
||
| 942 | _cكتاب | ||
| 999 |
_c43096 _d43096 |
||